000 00278nam a22001337a 4500
008 170601b xxu||||| |||| 00| 0 eng d
020 _a9781862057593
041 _aeng
080 _a93
100 _a17
101 _aSHH
245 _aINDIA
_cMOUNTBATTEN, P
942 _2udc
_cBK
999 _c15270
_d15270